000 00575nam a2200193 a 4500
005 20220810150901.0
008 991125c19931998mx 000 0 spa u
020 _a9684266022
035 _aUPN01000026182
049 _aCG
050 4 _aBF203
_bG5.38
100 1 _aGinger, Serge
245 1 3 _aLa Gestalt :
_buna terapia de contacto /
_cSerge Ginger, Anne Ginger ; tr. por Ma. Angélica Verduzco de Ruiz.
260 _aMéxico :
_bEl Manual Moderno,
_c1993.
300 _a345 p.
650 4 _aPsicología Gestalt
_9225
700 1 _aGinger, Anne,
_ecoaut.
905 _aLibro
999 _c26182
_d26182